{"text_format":"3","workbook":"xls","n_sheets":1,"sheets":["Sheet1"],"read":"whole","date_system":"1900","formulas":"cached_only"}

{"sheet":"Sheet1","index":0,"n_rows":88,"n_cols":17,"rows_kept":88,"merged":[[0,0,0,16]],"flags":["formulas_cached_only"]}
["Table S3 Raw data from all 86 patients of pTNM stage Ⅲ triple negative breast cancer. "]
["Cases","TNM staging","Age","KI67(%)","TILs(%)","PD-L1(%)","PD-1","FOXP3(cells/HP)","CD8(cells/HP)","ATM\n（H-score）","STAT1\n（H-score）","STAT3\n（H-score）","p-c-srcY419\n（H-score）","Over all survival time\n(months）","Whether death","Disease-free survival time\n(months）","Whether relapse"]
["1","pT2N2aM0",46,80,5,0,"Positive",9,55,60,150,240,40,42,"no",42,"no"]
["2","pT2N2aM0",43,35,10,1,"Positive",15,139,0,400,0,0,43,"no",14,"yes"]
["3","pT1N3aM0",59,70,5,0,"negative",5,6,60,0,30,0,45,"no",45,"no"]
["4","pT2N2aM0",60,80,30,0,"negative",0,96,100,160,80,60,44,"no",44,"no"]
["5","pT2N3aM0",51,80,30,0,"Positive",12,78,0,20,15,30,39,"no",39,"no"]
["6","pT1cN3aM0",59,70,10,1,"Positive",11,30,20,10,0,0,12,"no",12,"yes"]
["7","pT2N3aM0",52,25,70,0,"Positive",5,50,60,0,0,60,".","Lost to follow-up",".","Lost to follow-up"]
["8","pT2N2aM0",57,90,20,1,"negative",16,16,180,180,20,20,53,"yes",31,"yes"]
["9","pT1cN2aM0",63,35,10,0,"Positive",0,17,25,0,0,0,40,"no",40,"no"]
["10","pT2N3aM0",61,85,5,0,"negative",19,80,90,160,0,40,".","Lost to follow-up",".","Lost to follow-up"]
["11","pT2N3aM0",71,60,30,3,"negative",5,10,150,50,140,30,46,"no",46,"no"]
["12","pT2N2aM0",53,60,20,0,"Positive",12,15,0,15,120,100,20,"yes",15,"yes"]
["13","pT3N2aM0",35,70,10,1,"Positive",1,30,0,120,20,40,40,"yes",35,"yes"]
["14","pT2N2aM0",44,80,5,0,"negative",22,75,210,0,0,10,".","Lost to follow-up",".","Lost to follow-up"]
["15","pT2N2aM0",73,80,40,0,"Positive",30,58,0,240,30,210,61,"no",61,"no"]
["16","pT2N3aM0",32,90,10,1,"negative",14,64,30,0,0,0,8,"yes",7,"yes"]
["17","pT1cN3aM0",51,60,5,0,"negative",20,32,60,60,30,20,26,"yes",23,"yes"]
["18","pT1cN3aMx\n",48,90,30,0,"Positive",10,48,0,0,0,40,".","Lost to follow-up",".","Lost to follow-up"]
["19","pT4bN3aM0",83,70,20,1,"Positive",15,77,160,0,0,0,60,"no",60,"no"]
["20","pT2N3aM0",42,70,20,0,"Positive",24,20,20,50,60,0,".","Lost to follow-up",".","Lost to follow-up"]
["21","pT1cN3aM0\n",74,70,5,0,"negative",15,40,60,10,0,50,60,"no",1,"yes"]
["22","pT2N3aM0",48,85,10,5,"Positive",24,170,130,160,80,20,58,"no",58,"no"]
["23","pT2N3aM0",59,30,5,0,"negative",11,10,150,0,0,0,57,"no",57,"no"]
["24","pT1cN3aM0",53,70,5,0,"negative",20,20,30,0,0,30,".","Lost to follow-up",".","Lost to follow-up"]
["25","pT2N3aM0",42,80,30,0,"negative",20,100,20,5,0,40,".","Lost to follow-up",".","Lost to follow-up"]
["26","pT2N3aM0",57,40,30,0,"Positive",15,30,140,0,0,35,24,"yes",12,"yes"]
["27","pT1cN3aM0",70,70,20,1,"Positive",20,75,30,10,0,10,15,"yes",3,"yes"]
["28","pT2N3aM0",65,70,60,10,"Positive",10,10,30,120,0,0,".","Lost to follow-up",6,"yes"]
["29","pT2N3aM0",53,70,10,0,"negative",3,5,150,10,0,0,".","Lost to follow-up",".","Lost to follow-up"]
["30","pT1cN3aM0",53,80,30,0,"negative",10,60,0,10,40,20,54,"no",54,"no"]
["31","pT2N3aM0",48,50,50,20,"negative",40,150,0,270,80,0,".","Lost to follow-up",".","Lost to follow-up"]
["32","pT2N3aM0",51,20,5,0,"Positive",10,10,120,0,0,40,53,"no",".","Lost to follow-up"]
["33","pT3N3aM0",32,20,5,0,"Positive",1,15,150,20,0,0,47,"yes",45,"yes"]
["34","pT2N3cM0",72,60,5,1,"negative",5,25,100,50,0,20,53,"no",53,"no"]
["35","pT3N3aM0",64,45,5,0,"Positive",2,30,100,0,0,0,50,"no",50,"no"]
["36","pT3N3aM0",47,40,5,0,"Positive",10,40,120,10,60,4,50,"no",50,"no"]
["37","pT2N3aM0",69,80,5,0,"Positive",30,50,110,30,10,10,48,"no",48,"no"]
["38","pT2N3aM0",56,50,50,10,"Positive",1,10,30,20,0,0,".","Lost to follow-up",".","Lost to follow-up"]
["39","pT2N3aM0",47,70,30,1,"Positive",16,70,20,30,0,10,23,"yes",16,"yes"]
["40","pT2N3aM0",64,25,10,5,"negative",40,27,0,120,90,20,47,"no",47,"no"]
["41","pT3N3aM0",45,25,10,0,"negative",20,28,150,40,15,70,".","no",".","no"]
["42","pT2N3aM0",53,60,5,0,"negative",1,50,0,0,0,0,47,"no",47,"no"]
["43","pT2N3aM0",55,70,10,1,"Positive",10,20,20,30,0,0,".","Lost to follow-up",".","Lost to follow-up"]
["44","pT2N3aM0",52,80,20,5,"Positive",10,140,5,150,60,0,15,"no",15,"yes"]
["45","pT2N3aM0",44,10,5,0,"negative",20,10,120,0,0,0,44,"no",44,"no"]
["46","ypT3N2M0",65,50,5,0,"negative",9,15,15,0,0,0,27,"yes",20,"yes"]
["47","pT2N2aM0",30,60,10,0,"negative",30,20,90,140,120,0,44,"no",44,"no"]
["48","pT3N2aM0",65,30,5,0,"negative",0,10,150,5,50,20,44,"no",44,"no"]
["49","pT3N1aM0",50,20,5,0,"negative",13,30,0,20,150,40,".","Lost to follow-up",".","Lost to follow-up"]
["50","pT2N3aM0",61,80,5,1,"negative",20,40,80,0,0,40,44,"no",44,"no"]
["51","pT2N2aM0",59,30,5,0,"negative",22,150,120,40,10,30,".","Lost to follow-up",".","Lost to follow-up"]
["52","pT2N2aM0",51,35,30,0,"Positive",60,400,20,15,5,50,".","Lost to follow-up",".","Lost to follow-up"]
["53","pT2N2aM0",70,90,10,2,"negative",10,60,160,5,10,0,44,"no",44,"no"]
["54","pT3N2aM0",48,25,30,0,"Positive",10,180,90,160,180,120,44,"no",27,"yes"]
["55","pT2N2aM0",38,35,10,0,"negative",4,20,30,0,0,0,42,"yes",18,"yes"]
["56","pT2N2aM0",50,65,20,0,"Positive",20,30,120,10,0,30,".","Lost to follow-up",".","Lost to follow-up"]
["57","pT2N3aM0",55,90,10,1,"negative",11,200,0,100,0,0,60,"no",60,"no"]
["58","pT3N3aM0",55,60,30,1,"Positive",15,69,50,30,0,70,30,"yes",3,"yes"]
["59","pT2N2aM0",56,40,5,0,"Positive",15,25,100,60,10,80,38,"no",29,"yes"]
["60","pT2N2aM0",50,35,10,1,"Positive",13,400,15,150,0,40,".","Lost to follow-up",".","Lost to follow-up"]
["61","pT2N2aM0",64,15,5,0,"negative",0,50,150,10,0,50,54,"no",54,"no"]
["62","pT2N2aM0",63,30,5,0,"Positive",5,5,50,10,120,0,54,"no",54,"no"]
["63","pT2N2aM0",29,70,50,0,"Positive",5,200,0,20,180,120,54,"no",54,"no"]
["64","pT2N2aM0",63,70,30,1,"Positive",10,5,40,60,30,0,".","Lost to follow-up",".","Lost to follow-up"]
["65","pT2N3aM0",53,50,30,10,"Positive",19,210,0,180,140,20,54,"no",54,"no"]
["66","pT1N3aM0",38,70,5,1,"Positive",13,200,50,70,5,20,48,"no",48,"no"]
["67","pT1cN3aM0",70,50,5,1,"Positive",0,100,0,90,140,10,47,"no",7,"yes"]
["68","pT1cN2aM0",52,5,20,5,"Positive",5,80,90,150,0,50,".","Lost to follow-up",".","Lost to follow-up"]
["69","pT2N2aM0",38,40,70,5,"negative",33,250,30,120,15,40,47,"no",18,"yes"]
["70","pT1cN2aM0",68,25,30,1,"Positive",6,100,0,80,150,160,46,"no",46,"no"]
["71","pT2N2aM0",49,60,30,1,"negative",8,50,150,10,0,40,28,"yes",19,"yes"]
["72","pT2N2aM0",53,35,10,1,"negative",1,100,30,0,0,0,46,"no",12,"yes"]
["73","pT1cN2aM0",42,30,20,0,"Positive",15,300,210,30,0,100,45,"no",45,"no"]
["74","pT2N2aM0",49,80,10,0,"negative",10,150,250,20,0,0,45,"no",22,"yes"]
["75","pT3N2aM0",66,90,5,0,"Positive",5,70,150,10,5,0,42,"no",42,"no"]
["76","pT2N2aM0",43,50,40,1,"Positive",19,200,30,80,100,0,42,"no",42,"no"]
["77","pT2N2aM0",69,35,10,0,"negative",7,50,200,5,0,0,".","Lost to follow-up",".","Lost to follow-up"]
["78","pT2N2aM0",56,80,5,0,"negative",0,10,200,10,0,10,41,"no",5,"yes"]
["79","pT2N2aM0",50,50,60,0,"negative",10,100,0,150,0,0,".","Lost to follow-up",".","Lost to follow-up"]
["80","pT2N2aM0",54,50,5,0,"Positive",1,15,100,20,210,60,42,"no",10,"yes"]
["81","pT2N2aM0",44,70,30,0,"Positive",1,5,160,5,0,50,42,"no",42,"no"]
["82","pT2N3aM0",56,80,30,5,"Positive",45,20,100,80,0,70,63,"no",63,"no"]
["83","pT1cN2aM0",43,45,5,0,"Positive",3,5,30,10,20,100,58,"no",58,"no"]
["84","pT1cN3aM0",51,70,20,0,"Positive",24,150,60,140,50,60,58,"no",58,"no"]
["85","pT1cN2aM0",46,20,20,0,"Positive",6,20,60,0,0,0,58,"no",14,"yes"]
["86","pT2N3aM0",50,80,30,1,"Positive",30,80,140,240,0,40,26,"yes",17,"yes"]